| 000 | 00739nam a2200205 i 4500 | ||
|---|---|---|---|
| 001 | bg | ||
| 245 | 0 |
_aElektroniczna technika obliczeniowa : _bpodstawy programowania w języku FORTRAN 1900 wraz z przykładami i zadaniami : praca zbiorowa / _czespół aut. Zofia Aleksandrowicz-Kamionka et al.]. |
|
| 260 |
_aKielce, _c1982. |
||
| 490 | 1 |
_aSkrypty Uczelniane Politechniki Świętokrzyskiej ; _vnr 106 |
|
| 630 | 0 | 9 | _aFORTRAN |
| 650 | 9 | _aProgramowanie | |
| 655 | _aPodręczniki akademickie | ||
| 700 | 1 | _aAleksandrowicz-Kamionka, Zofia. | |
| 830 | _aSkrypty Uczelniane Politechniki Świętokrzyskiej ; | ||
| 040 | _cBPK | ||
| 041 | _apol | ||
| 080 | _a681.32.06(075.8) | ||
| 942 | _cKS | ||
| 008 | s pl f |000 0 pol | ||
| 999 |
_c22103 _d22103 |
||
| 856 |
_uhttp://koha.tu.koszalin.pl/cgi-bin/koha/opac-detail.pl?biblionumber=22103 _yKatalog online BPK |
||